| 000 | 00438nam a2200121Ia 4500 | ||
|---|---|---|---|
| 008 | 171212s9999 xx 000 0 und d | ||
| 020 | _a9780874212808 | ||
| 245 |
_ceditor Sutton-Smith, Brian _aChildren's Folklore _bA Source Book |
||
| 260 |
_bUniversity Press of Colorado _c1999 |
||
| 650 | _aChildren -- Folklore; Children and folklore; Folklore -- Methodology | ||
| 650 | _aSociology | ||
| 856 | _uwww.jstor.org/stable/10.2307/j.ctt46nskz | ||
| 999 |
_c353045 _d353045 |
||